[Event "Corona Open"]
[Site "Biel/Bienne"]
[Date "2020.07.21"]
[Round "2.25"]
[White "Perestjuk, Marko"]
[Black "Wenger, Arejou"]
[Result "1-0"]
[WhiteElo "2116"]
[BlackElo "1831"]
[PlyCount "89"]
[EventDate "2020.07.20"]
[EventCountry "SUI"]
[SourceVersionDate "2020.07.21"]

1. e4 Nf6 2. e5 Nd5 3. d4 d6 4. Bc4 Nb6 5. Bb3 dxe5 6. Qh5 g6 7. Qxe5 Rg8 8.
Nf3 Nc6 9. Qf4 Nd5 10. Qh4 h5 11. Qe4 Nf6 12. Qd3 Bf5 13. Qb5 Qd7 14. Nc3 O-O-O
15. d5 Nb8 16. Ne5 Qxb5 17. Nxb5 c6 18. dxc6 Nxc6 19. Nxf7 Rd7 20. Be3 a6 21.
Na7+ Nxa7 22. Bxa7 Nd5 23. O-O-O e6 24. Ne5 Bh6+ 25. Kb1 Rc7 26. Bd4 Bf4 27. g3
Nb4 28. gxf4 Nxc2 29. Bc3 Ne3+ 30. Kc1 Nxd1 31. Rxd1 b5 32. Kd2 g5 33. fxg5
Rxg5 34. Ke3 b4 35. Bxb4 Bc2 36. Bxe6+ Kb7 37. Rd5 Bb1 38. Nd3 Rxd5 39. Bxd5+
Kb6 40. Bc3 Rd7 41. Bc4 Re7+ 42. Ne5 Kc5 43. Bb3 Bf5 44. h4 Be6 45. Bb4+ 1-0

[Event "Corona Open"]
[Site "Biel/Bienne"]
[Date "2020.07.21"]
[Round "2.26"]
[White "Bruessow, Jakob"]
[Black "Carre, Sylvain"]
[Result "0-1"]
[WhiteElo "1779"]
[BlackElo "2106"]
[PlyCount "70"]
[EventDate "2020.07.20"]
[EventCountry "SUI"]
[SourceVersionDate "2020.07.21"]

1. e4 g6 2. d4 d5 3. Nc3 dxe4 4. Nxe4 Bg7 5. Nf3 Nf6 6. Nxf6+ exf6 7. Be3 Be6
8. Bd3 O-O 9. Qd2 Nc6 10. c4 Bg4 11. Be2 Qe7 12. O-O Rad8 13. Qc3 f5 14. Rad1
f4 15. Bxf4 Nxd4 16. Nxd4 Bxe2 17. Rfe1 Qe4 18. g3 Bxd4 19. Rxd4 Qxd4 20. Rxe2
Qxc3 21. bxc3 Rfe8 22. Rb2 b6 23. c5 Rd5 24. cxb6 cxb6 25. Be3 Rd1+ 26. Kg2 f6
27. Rc2 Rc8 28. Bd2 Kf7 29. Kf3 Ke6 30. Ke2 Rh1 31. h4 Kf5 32. Kf3 h5 33. Rb2
Rc5 34. Kg2 Ra1 35. Be3 Ra5 0-1

[Event "Corona Open"]
[Site "Biel/Bienne"]
[Date "2020.07.21"]
[Round "2.27"]
[White "Emmenecker, Philippe"]
[Black "Shatil, Or"]
[Result "0-1"]
[WhiteElo "2100"]
[BlackElo "1530"]
[PlyCount "120"]
[EventDate "2020.07.20"]
[EventCountry "SUI"]
[SourceVersionDate "2020.07.21"]

1. d4 e6 2. e4 d5 3. Nc3 Nf6 4. Bg5 Be7 5. e5 Nfd7 6. h4 Bxg5 7. hxg5 Qxg5 8.
Qd3 g6 9. Nh3 Qe7 10. O-O-O a6 11. f4 c5 12. dxc5 Nxc5 13. Qe3 b6 14. Ng5 h6
15. Nf3 Bb7 16. Nd4 Nc6 17. Nxc6 Bxc6 18. Ne2 Bb5 19. Nd4 Bxf1 20. Rdxf1 h5 21.
Kb1 Kd7 22. Rd1 Kc7 23. Qc3 Kb7 24. Rhe1 Rac8 25. Qf3 b5 26. Re3 Ne4 27. Rb3
Rc4 28. Re3 Qb4 29. c3 Nxc3+ 30. Rxc3 Rxd4 31. Rdc1 Rc4 32. Rxc4 bxc4 33. Qe3
Rc8 34. a3 Qb6 35. Qf3 Ka7 36. f5 Rb8 37. Rc2 gxf5 38. Qxh5 Rb7 39. Qe2 Qd4 40.
Ka1 Rb3 41. Ka2 Qe3 42. Qh5 Rb7 43. Qd1 Qxe5 44. Qg1+ Ka8 45. Qc5 Qc7 46. Qd4
Qb6 47. Qd2 Qc5 48. Qe2 Rc7 49. Qf3 Ka7 50. Kb1 d4 51. Rc1 Qc6 52. Qf2 Qe4+ 53.
Ka1 Kb7 54. Qd2 Qd5 55. Qb4+ Qb5 56. Qf8 Qc5 57. Qe8 d3 58. Rh1 c3 59. Rh8
cxb2+ 60. Kxb2 Qb6+ 0-1

[Event "Corona Open"]
[Site "Biel/Bienne"]
[Date "2020.07.21"]
[Round "2.28"]
[White "Birrer, Alfred"]
[Black "Adrian, Leopold"]
[Result "0-1"]
[WhiteElo "1731"]
[BlackElo "2061"]
[PlyCount "58"]
[EventDate "2020.07.20"]
[EventCountry "SUI"]
[SourceVersionDate "2020.07.21"]

1. e4 e6 2. d4 d5 3. Nc3 Bb4 4. e5 Ne7 5. a3 Bxc3+ 6. bxc3 b6 7. Bg5 Ba6 8.
Bxa6 Nxa6 9. Qd3 Nb8 10. Nf3 Nbc6 11. c4 dxc4 12. Qxc4 Na5 13. Qa4+ Qd7 14.
Qxd7+ Kxd7 15. Bxe7 Kxe7 16. Nd2 Rhd8 17. c3 Rac8 18. f4 c5 19. Nf3 cxd4 20.
cxd4 Nb3 21. Rd1 Rc4 22. Ke2 Rc2+ 23. Kd3 Rdc8 24. Ke4 R8c3 25. Rhe1 Rxg2 26.
d5 Nc5+ 27. Kd4 Rxf3 28. Rf1 Rxf1 29. Rxf1 Rd2+ 0-1

[Event "Corona Open"]
[Site "Biel/Bienne"]
[Date "2020.07.21"]
[Round "2.29"]
[White "Pham, Khoi"]
[Black "Rempe, Jonas"]
[Result "1-0"]
[WhiteElo "2048"]
[BlackElo "1801"]
[PlyCount "47"]
[EventDate "2020.07.20"]
[EventCountry "SUI"]
[SourceVersionDate "2020.07.21"]

1. d4 Nf6 2. c4 e6 3. Nc3 Bb4 4. f3 c5 5. d5 b5 6. e4 O-O 7. Nh3 bxc4 8. Bxc4
exd5 9. Bxd5 Nxd5 10. Qxd5 Ba6 11. Bg5 Qb6 12. Kf2 Nc6 13. Rhd1 Nd4 14. a3 Ba5
15. b4 cxb4 16. Na4 Qb5 17. axb4 Qxd5 18. exd5 Nc2 19. bxa5 Nxa1 20. Rxa1 Rac8
21. Be3 Ra8 22. d6 Bb5 23. Nf4 Bc6 24. Nc3 1-0